000 00761nam a2200277Ia 4500
003 OSt
005 20221005081120.0
006 a|||||r|||| 00| 0
007 ta
008 221004b |||||||| |||| 00| 0 eng d
020 _a8173070695
024 _a29059
037 _cTextual
040 _aCRL
_cCRL
_beng
041 _2eng
_aeng
082 _aV2:51.N19, P0
100 _aDatta V. N. Ed.
245 0 _aJallianwala Bagh massacre
260 _aNew Delhi
_bPragati India
_c2000
300 _a297p.
_ccm.
490 _aIndian Council of Historical Research; Monograph series 4
650 _aHISTORY
700 _a Settar S. Ed.
942 _hV2:51.N19, P0
_cTEXL
_2cc
999 _c987175
_d987175